Метод расчета параметра цифрового фильтра с функцией усреднения; Перспективы развития фундаментальных наук
| Parent link: | Перспективы развития фундаментальных наук.— 2015.— [С. 588-590] |
|---|---|
| Autor principal: | |
| Autor Corporativo: | |
| Outros Autores: | |
| Resumo: | Заглавие с экрана The possibility of implementation of the method of determination of a digital filter’s time constant with average function for algorithms of control of cyclic processes. |
| Idioma: | russo |
| Publicado em: |
2015
|
| Colecção: | Математика |
| Assuntos: | |
| Acesso em linha: | http://earchive.tpu.ru/handle/11683/19198 http://www.lib.tpu.ru/fulltext/c/2015/C21/185.pdf |
| Formato: | Recurso Electrónico Capítulo de Livro |
| KOHA link: | https://koha.lib.tpu.ru/cgi-bin/koha/opac-detail.pl?biblionumber=613051 |
MARC
| LEADER | 00000naa2a2200000 4500 | ||
|---|---|---|---|
| 001 | 613051 | ||
| 005 | 20260307161354.0 | ||
| 035 | |a (RuTPU)RU\TPU\conf\11182 | ||
| 035 | |a RU\TPU\conf\11181 | ||
| 090 | |a 613051 | ||
| 100 | |a 20150706d2015 k y0rusy50 ca | ||
| 101 | 0 | |a rus | |
| 102 | |a RU | ||
| 105 | |a a z 101zy | ||
| 135 | |a drgn ---uucaa | ||
| 181 | 0 | |a i | |
| 182 | 0 | |a b | |
| 200 | 1 | |a Метод расчета параметра цифрового фильтра с функцией усреднения |d Method of calculation of parameter of the digital filter with averaging function |f А. П. Маркелова |g науч. рук. А. В. Вильнина | |
| 203 | |a Текст |c электронный | ||
| 215 | |a 1 файл(383 Кб) | ||
| 225 | 1 | |a Математика | |
| 300 | |a Заглавие с экрана | ||
| 320 | |a [Библиогр.: с. 590 (5 назв.)] | ||
| 330 | |a The possibility of implementation of the method of determination of a digital filter’s time constant with average function for algorithms of control of cyclic processes. | ||
| 337 | |a Adobe Reader | ||
| 463 | 1 | |0 (RuTPU)RU\TPU\conf\10376 |t Перспективы развития фундаментальных наук |l Prospects of fundamental sciences development |o сборник научных трудов XII Международной конференция студентов и молодых ученых, г. Томск, 21-24 апреля 2015 г. |f Национальный исследовательский Томский политехнический университет (ТПУ) ; Национальный исследовательский Томский государственный университет (ТГУ) ; Томский государственный архитектурно-строительный университет (ТГАСУ) ; Томский государственный университет систем управления и радиоэлектроники (ТУСУР) ; ред. кол. И. А. Курзина ; Г. А. Воронова ; С. А. Поробова |v [С. 588-590] |d 2015 | |
| 510 | 1 | |a Method of calculation of parameter of the digital filter with averaging function |z eng | |
| 610 | 1 | |a электронный ресурс | |
| 610 | 1 | |a труды учёных ТПУ | |
| 610 | 1 | |a параметры | |
| 610 | 1 | |a цифровые фильтры | |
| 610 | 1 | |a алгоритмы управления | |
| 610 | 1 | |a циклические процессы | |
| 700 | 1 | |a Маркелова |b А. П. | |
| 702 | 1 | |a Вильнина |b А. В. |c российский ученый, специалист в области автоматики физических установок |c старший преподаватель Томского политехнического университета |f 1979- |g Анна Владимировна |4 727 | |
| 712 | 0 | 2 | |a Национальный исследовательский Томский политехнический университет |c (2009- ) |9 26305 |
| 801 | 1 | |a RU |b 63413507 |c 20101016 | |
| 801 | 2 | |a RU |b 63413507 |c 20210128 |g RCR | |
| 856 | 4 | |u http://earchive.tpu.ru/handle/11683/19198 | |
| 856 | 4 | |u http://www.lib.tpu.ru/fulltext/c/2015/C21/185.pdf | |
| 942 | |c BK | ||